| 000 | 00000nam 2200000zi 4500 |
| 001 | 9.892785 |
| 003 | CaOODSP |
| 005 | 20230427160339 |
| 006 | m o d f |
| 007 | cr |n||||||||| |
| 008 | 201023e19921125onc ob f000 0|eng d |
| 040 | |aCaOODSP|beng|erda|cCaOODSP |
| 043 | |an-cn--- |
| 086 | 1 |aRG23-169/1992E-PDF |
| 245 | 00|aConsumer policy issues in the privacy of personal information. |
| 264 | 1|a[Ottawa] : |bConsumer Policy Branch, Consumer and Corporate Affairs Canada, |cNovember 25, 1992. |
| 300 | |a1 online resource (ii, 32 pages) |
| 336 | |atext|btxt|2rdacontent |
| 337 | |acomputer|bc|2rdamedia |
| 338 | |aonline resource|bcr|2rdacarrier |
| 500 | |aDigitized edition from print [produced by Innovation, Science and Economic Development Canada]. |
| 500 | |a"Draft." |
| 504 | |aIncludes bibliographical references. |
| 650 | 0|aConsumer protection|xGovernment policy|zCanada. |
| 650 | 0|aConsumers|zCanada. |
| 650 | 0|aPrivacy, Right of|zCanada. |
| 650 | 6|aConsommateurs|xProtection|zCanada. |
| 650 | 6|aConsommateurs|zCanada. |
| 650 | 6|aDroit à la vie privée|zCanada. |
| 710 | 1 |aCanada. |bConsumer and Corporate Affairs Canada, |eissuing body. |
| 856 | 40|qPDF|s611 KB|uhttps://publications.gc.ca/collections/collection_2023/isde-ised/RG23-169-1992-eng.pdf |